| 000 | 00815nas a2200277 4500 | ||
|---|---|---|---|
| 001 | BR0905774 | ||
| 003 | BR-BrBNA | ||
| 005 | 20231205113741.0 | ||
| 007 | ta | ||
| 008 | 230509b bl.|||p| |||| 00| 00por d | ||
| 040 |
_aBR-BrBNA _bpor _cBiblioteca Nacional de Agricultura |
||
| 041 | _a(Pt) | ||
| 072 | _aF60 | ||
| 100 | 1 | _aStreeck, N.A. | |
| 100 | 1 | _aLago, I. | |
| 100 | 1 | _aSamboranha, F.K. | |
| 100 | 1 | _aGabriel, L.F. | |
| 100 | 1 | _aSchwantes, A.P. | |
| 100 | 1 | _aSchons, A. | |
| 245 | 1 | _aTemperatura base para aparecimento de folhas e filocrono da variedade de milho BRS missões | |
| 650 | _aMILHO | ||
| 650 | _aFENOLOGIA | ||
| 773 | 0 |
_tCiência Rural (Brazil) _xISSN 0103-8478 _g(Jan-Feb 2009), v. 39(1) p. 224-227 _wBR0905774 |
|
| 909 |
_a202311 _bLúcia _c55 _dLúcia Elande |
||
| 942 |
_2AGRIS _n0 _cANA |
||
| 999 |
_c205401 _d205401 |
||